Countries by Cars - Statistics

General Stats
  • This quiz has been taken 208 times
  • The average score is 12 of 15
Answer Stats
Company Countries % Correct
Volkswagen Germany
99%
Toyota Japan
99%
Subaru Japan
99%
Ford United States
99%
Ferrari Italy
98%
Hyundai South Korea
96%
Rolls-Royce United Kingdom
96%
Renault France
95%
Volvo Sweden
92%
BYD China
84%
Mahindra India
72%
Cupra Spain
72%
Skoda Czech Republic
64%
Dacia Romania
55%
Saipa Iran
27%
No matching quizzes found
Score Distribution
Percent of People with Each Score
Percentile by Number Answered
Your Score History
You have not taken this quiz